Signe astrologiques du rap fr - Statistiques

Statistiques générales
  • Ce quiz a été pris 194 fois
  • Le résultat moyen est 10 sur 12
Statistiques - réponses
Rappeurs Signe astro % Correct
Orelsan Lion
91%
Niska Bélier
90%
Jul Capricorne
87%
Moha la squale Poisson
87%
Damso Taureau
87%
Alpha wann Cancer
86%
Da uzi Vierge
86%
Népal Balance
84%
Alkpote Verseau
81%
Booba Sagittaire
80%
Josman Scorpion
80%
Freeze corleone Gémeaux
77%
Aucun quiz correspondant
Distribution des résultats
% des personnes avec chaque résultat
Percentile par nombre de réponses
Votre historique - résultats
Vous n’avez pas pris ce quiz